00378pab a2200145 454500008004000000100001400040245003900054260000900093300001200102362000800114650003400122650004000156650002500196773001100221180718b2018 xxu||||| |||| 00| 0 eng d aDas, C.K. aInclusive growth in the north east c2018 ap.7-10. aApr aInclusive growth - North East aEconomic development - North East aEconomic development aYojana